| 000 | 01009cam a22002651i 4500 | ||
|---|---|---|---|
| 003 | SA-RiAUC | ||
| 005 | 20250115124812.0 | ||
| 008 | 250115s2001 su g 00010 ara c | ||
| 020 | _a9960035115 | ||
| 040 |
_aSA-JeKAU _bara _cSA-RiAUC _erda |
||
| 082 | 0 | 4 | _a081 |
| 090 |
_a081 _b ت و ف |
||
| 100 | 1 |
_aتوفيق، محمد عمر، _d1337-1414 هجري _eمؤلف. |
|
| 245 | 1 | 0 |
_aفي دنيا الفكر والصحافة / _cمحمد عمر توفيق. |
| 250 | _aالطبعة الأولى. | ||
| 264 | 1 |
_aجدة، السعودية : _bدار البلاد للطباعة والنشر، _c2001 |
|
| 300 |
_a243 صفحة ؛ _c24 سم. |
||
| 336 |
_aنص _btxt _2rdacontent _3كتاب |
||
| 337 |
_aبدون وسيط _bn _2rdamedia |
||
| 338 |
_aمجلد _bnc _2rdacarrier |
||
| 440 | 2 |
_aالأعمال الأدبية الكاملة (جامعة أم القرى) _v3 |
|
| 650 | 7 |
_aالمقالات العربية _yقرن 20 _2aucsh |
|
| 942 |
_2ddc _cBOOK _n0 |
||
| 949 |
_aSA-JeALM _d250115 _ueid123 _n1 |
||
| 999 |
_c4816 _d4816 |
||